ARRUPE JESUIT UNIVERSITY

CORONAVIRUS -STOP THE SPREAD - CLEAN,DISINFECT,COVER

Avenging angel (Record no. 124842)

MARC details
000 -LEADER
fixed length control field 00377nam a22001337a 4500
008 - FIXED-LENGTH DATA ELEMENTS--GENERAL INFORMATION
fixed length control field 160803b xxu||||| |||| 00| 0 eng d
020 ## - INTERNATIONAL STANDARD BOOK NUMBER
International Standard Book Number 9780312058173
050 ## - LIBRARY OF CONGRESS CALL NUMBER
Classification number PS3551.P558A97 1991
100 ## - MAIN ENTRY--PERSONAL NAME
Personal name Appiah, Anthony
9 (RLIN) 12440
245 ## - TITLE STATEMENT
Title Avenging angel
Statement of responsibility, etc / Anthony Appiah
260 ## - PUBLICATION, DISTRIBUTION, ETC. (IMPRINT)
Place of publication, distribution, etc New York
Name of publisher, distributor, etc St. Martin's Press
Date of publication, distribution, etc 1991
300 ## - PHYSICAL DESCRIPTION
Extent 207p. ;
Dimensions 21cm.
942 ## - ADDED ENTRY ELEMENTS (KOHA)
Source of classification or shelving scheme Library of Congress Classification
Item type Monograph ( Printed materials)
Holdings
Withdrawn status Lost status Source of classification or shelving scheme Damaged status Not for loan Collection code Home library Current library Shelving location Date acquired Total Checkouts Full call number Barcode Date last seen Date last borrowed Price effective from Koha item type
    Library of Congress Classification     Main Collection ARRUPE LIBRARY ARRUPE LIBRARY Main Collection 03/08/2016 1 PS3551.P558A97 1991 46500009321 08/09/2016 05/09/2016 03/08/2016 Monograph ( Printed materials)

 

Arrupe Library. PO Box MP320 Mt Pleasant, Harare, Zimbabwe
263 242 745411|librarian@aju.ac.zw